Loading...

Learning legal rules : a students' guide to legal method and reasoning /

Bibliographic Details
Main Author: Holland, James A.
Other Authors: Webb, Julian S.
Language:English
Edition:Eighth edition.
Subjects:
Law
LEADER 01371cam a2200229 i 4500
005 20200730163915.0
008 130822s2013 enka b 001 0 eng
020 |a 9780199657490 (pbk.) 
020 |a 0199657491 (pbk.) 
041 |a eng 
082 |a 34.01  |b HOL 
100 1 |a Holland, James A.  |9 928 
245 1 0 |a Learning legal rules :  |b a students' guide to legal method and reasoning /  |c James Holland, LLB, PhD, Barrister, Professor of Employment Law and Associate Dean in the Faculty of Business and Law, University of the West of England, Bristol; Julian Webb, BA, LLM, LLd, FRSA, Professor of Legal Education, School of Law, University of Warwick. 
250 |a Eighth edition. 
300 |a xxiv, 415 pages : 
505 0 |a Understanding the law -- Finding the law -- Reading the law -- From reading to writing -- Law, fact, and language -- The doctrine of judicial precedent -- How precedent operates : ratio decidendi and obiter dictum -- Making sense of statutes -- Interpreting statutes -- 'Bringing rights home' : legal method and the convention rights -- European legal method -- Exploiting legal reasoning. 
650 0 |a Law  |x Methodology.  |9 929 
650 0 |a Law  |9 192 
700 1 |a Webb, Julian S.,  |9 930 
942 |c BK  |6 _ 
999 |c 207246  |d 207246 
952 |0 0  |1 0  |4 0  |6 3401_HOL  |7 0  |9 263708  |a SLS  |b SLS  |c BBS  |d 2015-06-05  |o 34.01 HOL  |p SLS029241  |r 2015-06-05  |w 2015-06-05  |y BBS